Presidenten van de VS met afbeeldingen - Statistieken

Algemene statistieken
  • Deze quiz is 873 keer genomen
  • De gemiddelde score is 20 van 45
Antwoordstatistieken
Foto Antwoord % Correct
Barack Obama
98%
Donald Trump
95%
John F. Kennedy
93%
Abraham Lincoln
92%
George W. Bush
91%
Bill Clinton
88%
George H.W. Bush
76%
Joe Biden
75%
Ronald Reagan
75%
George Washington
73%
Richard Nixon
69%
Jimmy Carter
67%
Dwight D. Eisenhower
59%
Franklin D. Roosevelt
58%
Lyndon B. Johnson
57%
Harry Truman
56%
Gerald R. Ford
55%
Thomas Jefferson
51%
John Adams
45%
Theodore Roosevelt
43%
Woodrow Wilson
40%
Martin Van Buren
39%
Andrew Jackson
32%
Herbert Hoover
32%
Ulysses S. Grant
32%
James Madison
27%
James Monroe
25%
William Taft
24%
Calvin Coolidge
23%
James K. Polk
22%
John Quincy Adams
22%
Franklin Pierce
21%
William Henry Harrison
21%
William McKinley
21%
Grover Cleveland
20%
Chester A. Arthur
19%
James Buchanan
19%
James Garfield
19%
Zachary Taylor
19%
Benjamin Harrison
18%
Rutherford B. Hayes
18%
Warren Harding
18%
John Tyler
17%
Millard Fillmore
17%
Andrew Johnson
16%
Geen overeenkomende quizzen gevonden
Scoreverdeling
Procent van Mensen met Elke Score
Percentiel versus Aantal Correcte Antwoorden
Uw Scoregeschiedenis
U heeft deze quiz nog niet genomen